| 000 | 00446nam a2200181Ia 4500 | ||
|---|---|---|---|
| 008 | 230524s9999 xx 000 0 und d | ||
| 020 | _a9788120321946 | ||
| 082 |
_a621.38212 _bPAI |
||
| 100 | _aY.G.Paithankar | ||
| 245 | 0 | _aFundamentals of Power System Protection | |
| 250 | _a1ST | ||
| 260 |
_aNEW DELHI _bPHI _c2005 |
||
| 300 | _aIX;287 | ||
| 500 | _aQuantity Number: 97 | ||
| 650 | _aElectrical | ||
| 700 | _a S.R.Bhide | ||
| 942 | _cBK | ||
| 999 |
_c31578 _d31578 |
||